Quiz de culture générale n°2 - Statistiques

Statistiques générales
  • Ce quiz a été pris 216 fois
  • Le résultat moyen est 10 sur 20
Statistiques - réponses
Questions Réponses % Correct
Quelle trilogie de films a pour personnage principal Marty McFly ? Retour vers le futur
83%
Quelle est la capitale de la Corée du Sud ? Séoul
82%
En quelle année les astronautes américains ont-ils marché sur la Lune pour la première fois ? 1969
76%
Quel athlète français a obtenu 5 médailles, dont 4 en Or, aux Jeux Olympiques de Paris en 2024 ? Léon Marchand
74%
En quelle année la loi du mariage pour tous a-t-elle été votée par les députés français ? 2013
72%
Quel est le sport national en Afrique du Sud ? Rugby
68%
Quel est le numéro de département des Bouches du Rhône ? 13
65%
3 x (( 8 x 6 ) + 4) = 156
58%
Quel président américain fut assassiné à la fin de la guerre de Sécession en 1865 ? Abraham Lincoln
58%
Quel fleuve traverse Budapest ? Danube
53%
Quel boxeur est connu pour avoir mordu l'oreille d'un de ses adversaires durant un combat en 1997 ? Mike Tyson
51%
Comment appelle t-on la femelle du lièvre ? Hase
47%
Quel est le nom de Hercule chez les Grecs ? Héraclès
47%
Quel est le nom du roman dystopique qui décrit une société totalitaire dirigée par le régime d'Océania ? 1984
37%
Qui est l'auteur du recueil de poèmes "Les Contemplations" , publié en 1856 ? Victor Hugo
37%
Quel chef français est considéré comme le père de la cuisine moderne et a été le créateur de la "nouvelle cuisine" dans les années 1970 ? Paul Bocuse
29%
Qui sort en 2002 le son Love Don't Let Me Go ? David Guetta
24%
Depuis Paris, quel est le nom du train à grande vitesse qui relie la France à la Belgique et aux Pays-Bas ? Thalys
24%
Quel joueur de tennis a remporté 12 de ses 14 titres du Grand Chelem dans les années 1990 ? Pete Sampras
19%
Comment s'appelle la méchante reine dans le film Disney Blanche-Neige et les Sept Nains ? Grimhilde
1%
Aucun quiz correspondant
Distribution des résultats
% des personnes avec chaque résultat
Percentile par nombre de réponses
Votre historique - résultats
Vous n’avez pas pris ce quiz